000 00734nmm a2200217Ia 4500
008 251105s9999||||xx |||||||||||||||||und||
020 _a9788437067414
041 _aspa
100 _aTomás Gómez, Fray
245 0 _aEn reino extraño :
_b Relación de la visita del Real Monasterio de Valldigna
264 _a[Madrid, España] :
_bPublicaciones de la Universidad de Valencia (PUV),
_c2008
300 _a948 páginas
490 _aCinc segles
650 _aHistory of Europe: Spain
700 _aTomás Gómez, Fray
700 1 _a Andrés Robres, Fernando
700 1 _a Benítez Sánchez-Blanco, Rafael
700 1 _a Ciscar Pallarés, Eugenio
856 _uhttps://public.digitaliapublishing.com/a/35116
942 _cCF
999 _c71974
_d71974